Která reklama prodáva?

Predaj za pomoci odbornej a profesionálnej reklamy. Formy a informačné nositele reklamy. Rozdiely medzi časopiseckou a televíznou reklamou.

Salvato in:
Dettagli Bibliografici
Autore principale: Brumla, M.
Natura: Capitolo di libro
Lingua:ceco
Soggetti:
Tags: Aggiungi Tag
Nessun Tag, puoi essere il primo ad aggiungerne!!

MARC

LEADER 00000naa a2200000 4500
001 r003204
005 20220819175348.4
041 0 |a cze 
044 |a [CS] 
245 1 0 |a Která reklama prodáva?  |c M. Brumla 
520 |a Predaj za pomoci odbornej a profesionálnej reklamy. Formy a informačné nositele reklamy. Rozdiely medzi časopiseckou a televíznou reklamou. 
610 2 0 |a reklama 
610 2 0 |a časopisy 
610 2 0 |a televízia 
100 1 |a Brumla, M.